El golpe de Estado en El Salvador: un camono hacia la democratización /
Guardado en:
| Autor principal: | |
|---|---|
| Formato: | Texto |
| Materias: | |
| Etiquetas: |
Agregar Etiqueta
Sin Etiquetas, Sea el primero en etiquetar este registro!
|
MARC
| LEADER | 00000 a a2200000 04500 | ||
|---|---|---|---|
| 001 | 44269 | ||
| 003 | |||
| 040 | |||
| 100 | |a Flores Pinel, Fernando | ||
| 245 | |a El golpe de Estado en El Salvador: |b un camono hacia la democratización / |c Fernando Flores Pinel | ||
| 650 | |a GOLPES DE ESTADO | ||
| 650 | |a EL SALVADOR | ||
| 650 | |a CLASES SOCIALES | ||
| 650 | |a CRISIS POLITICA | ||
| 773 | |g volumen42, número2 ( , 1980), Páginas 669-694 | ||
| 999 | |c 37816 |d 37816 | ||
